Statistics for Guess The Region In Italy

Click here to take the quiz!

General Stats

  • This quiz has been taken 16 times
  • The average score is 17 of 20

Answer Stats

CapitalRegion% Correct
MilanLombardy
100%
CagliariSardinia
100%
PalermoSicily
100%
FlorenceTuscany
100%
BariApulia
93%
RomeLazio
93%
GenovaLiguria
93%
NaplesCampania
87%
BolognaEmilia Romagna
87%
VeniceVeneto
87%
AostaAosta Valley
80%
CatanzaroCalabria
80%
TorinoPiedmont
80%
TrentoTrentino Alto-Adige
80%
PerugiaUmbria
80%
CampobassoMolise
73%
L’AquilaAbruzzo
67%
AnconaMarche
67%
TriesteFriuli Venezia-Giulia
60%
PotenzaBasilicata
53%

Score Distribution

Percentile by Number Answered

Percent of People with Each Score

Your Score History

You have not taken this quiz